Arteria Carotis Interna - Statistics

General Stats
  • This quiz has been taken 6 times
  • The average score is 14 of 16
Answer Stats
Hint Answer % Correct
arteria centralis retinae
100%
arteria cerebri anterior
100%
arteria cerebri media
100%
arteria chorioidea anterior
100%
aa. ciliares anteriores
100%
aa. ciliares posteriores breves
100%
arteria communicans posterior
100%
arteria dorsalis nasi
100%
arteria ethmoidalis anterior
100%
arteria ethmoidalis posterior
100%
arteria lacrimalis
100%
arteria ophtalmica
100%
aa. palpebrales mediae
50%
arteria supraorbitalis
50%
arteria supratrochlearis
50%
aa. ciliares posteriores longes
0%
No matching quizzes found
Score Distribution
Percent of People with Each Score
Percentile by Number Answered
Your Score History
You have not taken this quiz